• AIU
  • Tony Wilmot Memorial Library

A theory of aspectuality : (Record no. 36975)

MARC details
000 -LEADER
fixed length control field 00641nam a22001931a 4500
003 - CONTROL NUMBER IDENTIFIER
control field NEGST
005 - DATE AND TIME OF LATEST TRANSACTION
control field 20110718132349.0
008 - FIXED-LENGTH DATA ELEMENTS--GENERAL INFORMATION
fixed length control field 030712s1993 001 0 eng d
020 ## - INTERNATIONAL STANDARD BOOK NUMBER
International Standard Book Number 0 521 56452
100 1# - MAIN ENTRY--PERSONAL NAME
Personal name Verkuyl, Henk J.
245 12 - TITLE STATEMENT
Title A theory of aspectuality :
Remainder of title the interaction between temporal and atemporal structure /
Statement of responsibility, etc Henk J. Verkuyl.
260 ## - PUBLICATION, DISTRIBUTION, ETC. (IMPRINT)
Place of publication, distribution, etc Cambridge :
Name of publisher, distributor, etc Cambridge University Press,
Date of publication, distribution, etc 1993.
300 ## - PHYSICAL DESCRIPTION
Extent xvii, 393p.
440 #0 - SERIES STATEMENT/ADDED ENTRY--TITLE
Title Cambridge studies in linguistics ;
Volume number/sequential designation no.64
500 ## - GENERAL NOTE
General note Includes bibliographical references and index.
590 ## - LOCAL NOTE (RLIN)
Local note Accession number: 25364
650 #0 - SUBJECT ADDED ENTRY--TOPICAL TERM
Topical term or geographic name as entry element Linguistics.
Holdings
Withdrawn status Lost status Source of classification or shelving scheme Damaged status Not for loan Collection code Home library Current library Shelving location Date acquired Cost, normal purchase price Total Checkouts Full call number Barcode Date last seen Copy number Price effective from Koha item type Source of acquisition
    Library of Congress Classification     General Circulation AIU/NEGST - Tony Wilmot Memorial Library AIU/NEGST - Tony Wilmot Memorial Library General Stacks 02/01/2010 65.00   P 281.V43 1993 R07110Y3232 09/02/2019 1 02/01/2010 Books  
    Library of Congress Classification     General Circulation AIU/NEGST - Tony Wilmot Memorial Library AIU/NEGST - Tony Wilmot Memorial Library General Stacks 10/12/2015 35.00   P 281.V43 1993 R33366A3232 09/02/2019 2 10/12/2015 Books Donation-Prof. Regina Blass